header

Ethnic conflict and international politics (Record no. 187894)

MARC details
000 -LEADER
fixed length control field 01389nam a2200361Ia 4500
082 04 - DEWEY DECIMAL CLASSIFICATION NUMBER
Classification number 305.8
245 00 - TITLE STATEMENT
Title Ethnic conflict and international politics
260 ## - PUBLICATION, DISTRIBUTION, ETC. (IMPRINT)
Place of publication New York :
Name of publisher Palgrave Macmillan,
Year of publication 2004.
300 ## - PHYSICAL DESCRIPTION
Number of Pages 213 p.
650 #0 - SUBJECT ADDED ENTRY--TOPICAL TERM
Topical Term Ethnic conflict.
Topical Term World politics
Topical Term International relations.
Topical Term Conflict management.
Topical Term Ethnic conflict
700 1# - ADDED ENTRY--PERSONAL NAME
Personal name Lobell, Steven E.,
Personal name Mauceri, Philip.
856 40 - ELECTRONIC LOCATION AND ACCESS
Uniform Resource Identifier http://site.ebrary.com/lib/rucke/Doc?id=10135517

No items available.

© 2026 Rongo University
Contact us: librarian | system librarian | Rongo university